| 000 | 01465cam a22003495a 4500 | ||
|---|---|---|---|
| 001 | 016636372 | ||
| 003 | OSt | ||
| 005 | 20160518145312.0 | ||
| 008 | 140217s2014 nyua frbd 001 0 eng d | ||
| 015 |
_aGBB421826 _2bnb |
||
| 020 | _a9789814581561 (pbk.) | ||
| 020 | _a9814581569 | ||
| 040 |
_aStDuBDS _beng _cStDuBDS _dUk _dEG-ScBUE |
||
| 082 | 0 | 4 |
_a616.9041 _bWIL _222 |
| 100 | 1 |
_aWilley, Joanne M. _940036 |
|
| 245 | 1 | 0 |
_aPrescott's microbiology / _cJoanne M. Willey, Linda M. Sherwood, Christopher J. Woolverton. |
| 246 | 3 | 0 | _aMicrobiology |
| 250 | _a9th ed., International student ed. | ||
| 260 |
_aNew York : _bMcGraw-Hill Education, _c2014. |
||
| 300 |
_a1 v. (various pagings) : _bill. ( some col.) ; _c28 cm. |
||
| 500 | _aSign in (Introducting McGraw-Hill ConnectPlus Microbiology) and (LearnSmart) | ||
| 500 | _aIncludes Glossary. | ||
| 504 | _aIncludes bibliographical references and index. | ||
| 520 | _aProvides an introduction to all major areas of microbiology. This book introduces a number of pedagogical elements designed to facilitate student learning. It focuses on readability, artwork, and the integration of several key themes (including evolution, ecology and diversity). | ||
| 650 | 7 |
_aMicrobiology. _2BUEsh _923968 |
|
| 651 | _2BUEsh | ||
| 653 |
_bPPhrm _cMay2016 |
||
| 700 | 1 |
_aSherwood, Linda. _940037 |
|
| 700 | 1 |
_aWoolverton, Christopher J. _940038 |
|
| 700 | 1 |
_aPrescott, Lansing M. _tMicrobiology. _940039 |
|
| 942 | _2ddc | ||
| 999 |
_c21785 _d21757 |
||